Online
Catalog

Evaluación sobre lecciones aprendidas e indentificación de las necesidades a partir de la incidencia del Consorcio de Educación Cívica en los centro educativos con los programas y proyectos reilizados entre 1998 y el 2008 / (Record no. 28781)

MARC details
000 -CABECERA
campo de control de longitud fija 00899nam a2200193 a 4500
001 - NÚMERO DE CONTROL
campo de control 000029289
005 - FECHA Y HORA DE LA ÚLTIMA TRANSACCIÓN
campo de control 20251120073733.0
008 - DATOS DE LONGITUD FIJA--INFORMACIÓN GENERAL
campo de control de longitud fija 110414s2009 dr ac 000 0 spa d
040 ## - FUENTE DE LA CATALOGACIÓN
Centro catalogador/agencia de origen DO-SdBNP
Lengua de catalogación spa
Centro/agencia transcriptor BNPHU
049 ## - FONDOS LOCALES (OCLC)
Fondos de biblioteca BNPD
245 00 - MENCIÓN DE TÍTULO
Título Evaluación sobre lecciones aprendidas e indentificación de las necesidades a partir de la incidencia del Consorcio de Educación Cívica en los centro educativos con los programas y proyectos reilizados entre 1998 y el 2008 /
Mención de responsabilidad, etc. Olaya O. Dotel C., Sonia Castillo, Lariza Pumarol.
246 14 - FORMA VARIANTE DE TÍTULO
Título propio/Titulo breve Doce años de lecciones aprendidas
260 ## - PUBLICACIÓN, DISTRIBUCIÓN, ETC.
Lugar de publicación, distribución, etc. Santo Domingo :
Nombre del editor, distribuidor, etc. Consorcio de Educación Cívica
-- PUCAMM,
Fecha de publicación, distribución, etc. 2009
Fabricante Editora Búho
300 ## - DESCRIPCIÓN FÍSICA
Extensión 64 p. ; :
Otras características físicas il., retrs. ;
Dimensiones 26 cm.
700 1# - PUNTO DE ACCESO ADICIONAL--NOMBRE DE PERSONA
Nombre de persona Dotel C. Olaya O.
9 (RLIN) 56172
700 1# - PUNTO DE ACCESO ADICIONAL--NOMBRE DE PERSONA
Nombre de persona Castillo, Sonia
9 (RLIN) 56173
700 1# - PUNTO DE ACCESO ADICIONAL--NOMBRE DE PERSONA
Nombre de persona Pumarol, Lariza
9 (RLIN) 56174
710 2# - PUNTO DE ACCESO ADICIONAL--NOMBRE DE ENTIDAD CORPORATIVA
Nombre de entidad corporativa o nombre de jurisdicción como elemento de entrada Pontificia Universidad Católica Madre y Maestra
9 (RLIN) 843
Holdings
Estado de retiro Estado de pérdida Restricciones de uso No para préstamo Código de colección Localización permanente Ubicación/localización actual Ubicación en estantería Fecha de adquisición Número de inventario Total de préstamos Signatura topográfica completa Código de barras Fecha visto por última vez Número de copia Precio válido a partir de Tipo de ítem Koha
        Dominicana de Servicio General General En catalogación 14.04.2011 LF1   29289-30 25.06.2020 e. 3 25.06.2020 Libro y Folleto Colección Dominicana de Servicio
      Excluido de préstamo Patrimonio Dominicano Patrimonio Dominicano Patrimonio Dominicano En catalogación 14.04.2011 LF1   29289-10 25.06.2020 e. 2 25.06.2020 Libro y Folleto Colección Patrimonio Dominicano
      Excluido de préstamo Patrimonio Dominicano Patrimonio Dominicano Patrimonio Dominicano En catalogación 14.04.2011 LF1   29289-20 25.06.2020   25.06.2020 Libro y Folleto Colección Patrimonio Dominicano

Powered by Koha